• 首页
  • 本馆介绍
  • 公告通知
  • 最新文献
  • 馆藏检索
  • 电子资源
  • 读者导购
  • 参考咨询
  • 我的图书馆
  • 登录
  • 详细信息显示
  • 放入我的书架
  • 预约/预借图书
  • 作者相关作品
  • 分类相关作品
  • 丛书相关作品
  • 出版社相关作品

书目信息

  • 表格格式
  • 工作单格式
  • 卡片格式
题名:
充满符号的戏剧空间
    
 
作者: 胡妙胜 著
分册:  
出版信息: 上海   上海文艺出版社  2014.01
页数: 378页,[7]页图版
开本: 26cm
丛书名:
单 册:
中图分类: J813
科图分类:
主题词: 戏剧--舞台美术--高等学校--教材 , 戏剧 , 舞台美术
电子资源:
ISBN: 978-7-5321-4289-7
000 00952nam0 2200277 450
001 0120141244407
005 20140610112243.37
010    @a978-7-5321-4289-7@dCNY85.00
100    @a20140305d2014 em y0chiy0110 ea
101 0  @achi
102    @aCN@b310000
105    @aaf z 000yy
106    @ar
200 1  @a充满符号的戏剧空间@9chong man fu hao de xi ju kong jian@f胡妙胜著
210    @a上海@c上海文艺出版社@d2014.01
215    @a378页,[7]页图版@c图,照片@d26cm
300    @a上海戏剧学院规划建设教材
330    @a本书的主要内容包括:充满符号的戏剧空间——舞台设计的功能;舞台美术的意境;舞台美术的虚与实;舞台美术的假定性;舞台美术的写意性;舞台美术的样式;活动与光的戏剧等。
333    @a戏剧艺术相关研究者
606 0  @a戏剧@x舞台美术@x高等学校@j教材
606 0  @a戏剧
606 0  @a舞台美术
690    @aJ813@v5
701  0 @a胡妙胜@9hu miao sheng@f(1936-)@4著
801  0 @aCN@b人天书店@c20140305
905    @b846293-95@dJ813@e81@f3
    
    充满符号的戏剧空间/胡妙胜著.-上海:上海文艺出版社,2014.01
    378页,[7]页图版:图,照片;26cm
    上海戏剧学院规划建设教材.-使用对象:戏剧艺术相关研究者
    
    ISBN 978-7-5321-4289-7:CNY85.00
    本书的主要内容包括:充满符号的戏剧空间——舞台设计的功能;舞台美术的意境;舞台美术的虚与实;舞台美术的假定性;舞台美术的写意性;舞台美术的样式;活动与光的戏剧等。
●
相关链接 在E读中查询图书 在五车中查询图书 在当当中查询图书 在豆瓣中查询图书


正题名:充满符号的戏剧空间     索取号:J813/81         预约/预借

序号 登录号 条形码 馆藏地/架位号 状态 备注
1 846293   208462938   第一样本阅览室/ [索取号:J813/81] 在馆    
2 846294   208462947   第一借阅区/ [索取号:J813/81] 在馆    
3 846295   208462956   第一借阅区/ [索取号:J813/81] 在馆    
欢迎您!
大连网信软件有限公司© 版权所有